Religions en Arabie Saoudite - Statistiques

Statistiques générales
  • Ce quiz a été pris 199 fois
  • Le résultat moyen est 3 sur 5
Statistiques - réponses
% Religions % Correct
92,7 Islam
100%
4,4 Christianisme
81%
<1 Bouddhisme
58%
1,3 Hindouisme
45%
0-0,1 Athéisme
43%
Aucun quiz correspondant
Distribution des résultats
% des personnes avec chaque résultat
Percentile par nombre de réponses
Votre historique - résultats
Vous n’avez pas pris ce quiz